00295nam a2200109Ia 4500008004100000041001200041100001500053245008500068260000600153650000600159700002000165221030s9999 xx 000 0 und d aEnglish aM. K. Roy 0aCobol Programming Including MS Cobel & Cobol- 85cby M. K. Roy, Dasticlar, D. G c0 aB aDasticlar, D. G